| 000 | 00534cam a22002174a 4500 | ||
|---|---|---|---|
| 005 | 20250605164317.0 | ||
| 008 | 250528s ||||||||||||||||||||||||d | ||
| 035 | _a22750 | ||
| 020 | _a9780761972075 | ||
| 040 |
_aGR-AtMCL _bgre _dGR-AtMCL _eAACR2 |
||
| 245 | 1 | _aHANDBOOK OF COUNSELLING PSYCHOLOGY | |
| 250 | _a2 | ||
| 260 |
_bSage Publications, _c2003 |
||
| 300 | _a709 | ||
| 700 | 1 |
_aDryden Windy _948 |
|
| 700 | 1 |
_aStrawbridge Sheelagh _949 |
|
| 700 | 1 |
_aWoolfe Ray _950 |
|
| 942 | _cBK | ||
| 999 |
_c7795 _d7795 |
||